[Event "GER-ch U25 op-B"]
[Site "Willingen"]
[Date "2024.05.19"]
[Round "2"]
[White "Fischer, Lorenz"]
[Black "Symanski, Linda"]
[Result "1-0"]
[WhiteElo "1714"]
[BlackElo "1542"]
[PlyCount "53"]
[EventDate "2024.05.19"]
[EventType "swiss"]
[EventRounds "9"]
[EventCountry "GER"]
[SourceTitle "EXT 2025"]
[Source "ChessBase"]
[SourceDate "2024.10.14"]
[SourceVersion "1"]
[SourceVersionDate "2024.10.14"]
[SourceQuality "1"]

1. d4 d5 2. Nf3 Nf6 3. e3 c6 4. c4 e6 5. Bd3 dxc4 6. Bxc4 Nbd7 7. Nc3 Be7 8. 0-0 0-0 9. a3 Nb6 10. Bd3 Qc7 11. b3 Nbd5 12. Bb2 Rd8 13. Rc1 a5 14. Na4 Nb6 15. Nc5 Nbd7 16. Nxd7 Nxd7 17. Bb1 Nf6 18. Qc2 h6 19. Ne5 h5 20. f4 Bd6 21. h3 g6 22. Rf3 Kf8 23. g4 Ke8 24. gxh5 Nxh5 25. Qg2 Bxe5 26. fxe5 Rd7 27. Bxg6 1-0

[Event "GER Pfingstopen U12"]
[Site "Playchess.com INT"]
[Date "2020.06.02"]
[Round "9"]
[White "Fischer, Lorenz"]
[Black "Braeutigam, Katerina"]
[Result "0-1"]
[WhiteElo "1620"]
[BlackElo "1558"]
[PlyCount "150"]
[EventDate "2020.06.02"]
[EventType "swiss (blitz)"]
[EventRounds "11"]
[EventCountry "GER"]
[SourceTitle "CBM 197 Extra"]
[Source "ChessBase"]
[SourceDate "2020.09.30"]
[SourceVersion "1"]
[SourceVersionDate "2020.09.30"]
[SourceQuality "1"]

1. e4 c6 2. d4 d5 3. exd5 cxd5 4. c4 Nf6 5. Nc3 e6 6. Nf3 Bb4 7. Qb3 Nc6 8. a3 dxc4 9. Bxc4 Be7 10. Bg5 0-0 11. 0-0 a6 12. Rad1 Na5 13. Qa2 Nxc4 14. Qxc4 b5 15. Qd3 Bb7 16. Rfe1 h6 17. Bh4 Nd5 18. Nxd5 Bxd5 19. Bxe7 Qxe7 20. Ne5 Rad8 21. Rc1 Rd6 22. Rc2 Rfd8 23. Rec1 Bc4 24. Nxc4 Rxd4 25. Qf3 bxc4 26. Rxc4 Qd6 27. Rxd4 Qxd4 28. Qe2 Rb8 29. b4 Ra8 30. Qf3 Rd8 31. h3 Qb2 32. Qc3 Qe2 33. Re1 Qa2 34. Ra1 Qd5 35. Qf3 Qxf3 36. gxf3 Rd3 37. Kg2 Kf8 38. f4 Ke7 39. f3 Kd6 40. Kf2 Kc6 41. Ke2 Rc3 42. a4 Rc4 43. Rb1 a5 44. b5+ Kb6 45. Ra1 Rxf4 46. Kf2 Rh4 47. Kg3 Rb4 48. f4 Kc5 49. Kg4 Kc4 50. Kf3 Kd3 51. Rd1+ Kc2 52. Rd7 Rxa4 53. Rxf7 Rb4 54. Rxg7 a4 55. Rg6 a3 56. Rxe6 a2 57. Re2+ Kb3 58. Re3+ Kb2 59. Re2+ Ka3 60. Re3+ Rb3 61. Rxb3+ Kxb3 62. b6 a1Q 63. b7 Qa7 64. b8Q+ Qxb8 65. Kg4 Qf8 66. f5 Kc4 67. Kf4 Kd5 68. h4 Kd6 69. h5 Kd5 70. Kg4 Ke5 71. Kh4 Qxf5 72. Kg3 Ke4 73. Kh4 Qg5+ 74. Kh3 Kf3 75. Kh2 Qg2# 0-1

[Event "GER Pfingstopen U12"]
[Site "Playchess.com INT"]
[Date "2020.06.02"]
[Round "5"]
[White "Fischer, Lorenz"]
[Black "Krueger, Moritz"]
[Result "1-0"]
[WhiteElo "1620"]
[BlackElo "1721"]
[PlyCount "145"]
[EventDate "2020.06.02"]
[EventType "swiss (blitz)"]
[EventRounds "11"]
[EventCountry "GER"]
[SourceTitle "CBM 197 Extra"]
[Source "ChessBase"]
[SourceDate "2020.09.30"]
[SourceVersion "1"]
[SourceVersionDate "2020.09.30"]
[SourceQuality "1"]

1. e4 e6 2. d4 d5 3. exd5 exd5 4. c4 Nf6 5. Nc3 Bf5 6. Nf3 Bb4 7. Qb3 Nc6 8. a3 Bxc3+ 9. bxc3 dxc4 10. Bxc4 0-0 11. Qxb7 Na5 12. Qb4 Re8+ 13. Be3 Nc6 14. Bb5 Rb8 15. Ne5 Nxe5 16. dxe5 Nd5 17. Qc5 Rxe5 18. c4 Nxe3 19. Qxe5 Nc2+ 20. Ke2 Nxa1 21. Rxa1 Be6 22. Rd1 Qe7 23. Qd4 Bg4+ 24. Kf1 Bxd1 25. Qxd1 g6 26. Qd4 Rd8 27. Qa1 Qd6 28. Ke1 Qd2+ 29. Kf1 Qd1+ 30. Qxd1 Rxd1+ 31. Ke2 Ra1 32. a4 a6 33. Bxa6 Rxa4 34. Bb5 Ra2+ 35. Ke3 Kg7 36. g3 Rc2 37. h4 c6 38. Ba6 Ra2 39. Bb7 c5 40. Bd5 f6 41. f3 f5 42. Kf4 Rf2 43. Ke5 Rg2 44. Kd6 Rxg3 45. Kxc5 Kf6 46. Kd6 Rg1 47. c5 Rc1 48. c6 g5 49. hxg5+ Kxg5 50. Kd7 h5 51. c7 h4 52. Bc6 h3 53. c8Q h2 54. Qg8+ Kf4 55. Qb8+ Ke3 56. Qxh2 Rd1+ 57. Kc7 Rd2 58. Qe5+ Kf2 59. Qxf5 Rd4 60. Qe4 Rxe4 61. fxe4 Ke3 62. e5 Kf4 63. e6 Kf5 64. e7 Ke6 65. e8Q+ Kf5 66. Qe7 Kf4 67. Qe6 Kg5 68. Qf7 Kg4 69. Qf6 Kg3 70. Qf5 Kh2 71. Qg5 Kh3 72. Bf3 Kh2 73. Qg2# 1-0

[Event "GER Pfingstopen U12"]
[Site "Playchess.com INT"]
[Date "2020.06.02"]
[Round "11"]
[White "Fischer, Lorenz"]
[Black "Ruettinger, Max"]
[Result "0-1"]
[WhiteElo "1620"]
[BlackElo "1165"]
[PlyCount "56"]
[EventDate "2020.06.02"]
[EventType "swiss (blitz)"]
[EventRounds "11"]
[EventCountry "GER"]
[SourceTitle "CBM 197 Extra"]
[Source "ChessBase"]
[SourceDate "2020.09.30"]
[SourceVersion "1"]
[SourceVersionDate "2020.09.30"]
[SourceQuality "1"]

1. e4 c5 2. d4 cxd4 3. c3 Nc6 4. cxd4 e6 5. Nf3 Qc7 6. Nc3 Bb4 7. Bb5 Nge7 8. 0-0 0-0 9. Bg5 a6 10. Bxc6 Nxc6 11. d5 exd5 12. exd5 Ne7 13. a3 Bd6 14. Ne4 Ng6 15. Rc1 Qb6 16. Be3 Qb5 17. Nxd6 Qxb2 18. Rb1 Qxa3 19. Nxb7 Bxb7 20. Rxb7 Rac8 21. Rxd7 Rfe8 22. Qa1 Qb4 23. Qxa6 Qg4 24. Rb7 Nh4 25. Nxh4 Qxh4 26. Qa7 Qh5 27. Rc1 Rxc1+ 28. Bxc1 Re1# 0-1